Les 5 plus importantes délégations des continents aux JO de 2024 - Statistiques

Statistiques générales
  • Ce quiz a été pris 78 fois
  • Le résultat moyen est 21 sur 25
Statistiques - réponses
Continent Nombre de membres Pays Rang % Correct
Océanie 460 Australie 1
99%
Asie 400 Chine 1
99%
Europe 573 France 1
99%
Europe 468 Allemagne 2
97%
Amérique 591 Etats-Unis 1
97%
Europe 403 Italie 3
97%
Amérique 337 Canada 2
96%
Europe 382 Espagne 4
96%
Asie 447 Japon 2
96%
Océanie 195 Nouvelle-Zélande 2
94%
Afrique 143 Afrique-du-Sud 2
93%
Amérique 276 Brésil 3
93%
Amérique 147 Argentine 4
92%
Europe 355 Royaume-Uni 5
92%
Asie 146 Corée-du-Sud 3
90%
Amérique 109 Mexique 5
90%
Asie 117 Inde 4
89%
Afrique 60 Maroc 5
87%
Océanie 36 Fidji 4
80%
Afrique 159 Egypte 1
79%
Afrique 86 Kenya 3
70%
Océanie 6 Papouasie-Nouvelle-Guinée | Vanuatu 5
62%
Océanie 26 Samoa 3
62%
Afrique 86 Nigeria 3
61%
Asie 93 Israël 5
35%
Aucun quiz correspondant
Distribution des résultats
% des personnes avec chaque résultat
Percentile par nombre de réponses
Votre historique - résultats
Vous n’avez pas pris ce quiz